000 00500nam a2200181 i 4500
001 113786
003 ES-MaACL
005 20230906190015.0
007 t|
008 061121s1935 fr |||| | fre d
080 _a75(450)(091)
100 1 _aNolhac, Pierre de.
_985911
245 1 3 _aLa peinture italienne /
_cPierre de Nolhac.
260 _aParis :
_bFlammarion,
_c1935.
300 _a64 p. :
_bil. ;
_c26 cm.
650 0 4 _aPintura italiana-
_vHistoria.
_9161960
852 _aES-MaACL
_j1810-F-5
999 _c113786
_d113786